000 00377nam a22001577a 4500
005 20200524132019.0
008 200524b xxu||||| |||| 00| 0 eng d
041 _aeng
082 _a340
100 _aBARE ACT
_95744
245 _aTHE INDUSTRIAL DISPUTES ACT, 1947 (1 OF 1947)
260 _aDELHI
_bPROFESSIONALS BOOK
300 _a156,p
650 _aLAW
_95701
942 _cBK
999 _c6498
_d6496